[Event "Match 77__120'/40"]
[Site "Zürich"]
[Date "2024.??.??"]
[Round "8"]
[White "Mephisto Polgar sel. 5"]
[Black "Super Forte C 6 MHz sel. 4"]
[Result "1/2-1/2"]
[WhiteElo "1981"]
[BlackElo "2009"]
[Annotator "Utzinger,K"]
[PlyCount "143"]
[EventDate "2024.??.??"]
[SourceVersionDate "2024.04.21"]

{[%evp 0,143,13,10,63,27,65,62,66,30,19,26,65,27,28,42,46,21,21,45,34,48,49,32,33,-10,51,45,45,-17,10,8,60,42,40,48,57,28,6,-60,-68,-101,0,-1,-6,-9,-9,-9,0,-24,3,0,0,0,40,33,48,2,36,18,16,16,11,6,21,-18,3,-18,-10,-11,-4,-5,8,6,17,34,45,39,70,40,90,49,52,77,80,17,34,34,26,27,20,28,0,0,0,-19,6,0,112,122,162,0,0,0,0,-72,0,20,0,0,99,0,6,0,-16,-8,-28,-32,0,-93,-12,-29,-12,-58,-86,-93,-16,-93,-58,-74,0,0,0,0,0,0,0,0,0,0,0,0,0,0,0,0]} 1. e4 c5 {Match 120'/40 | Bediener: Rolf Bühler | 8. Partie: Remis | Zwischenstand: 4,0-4,0 (50%) Gleichstand; hypothetisch: 5,0-3,0 (76,5%) für Super Forte C | Eröffnung: Sizilianisch, Najdorf, Opovcensky Variante | Buchzüge total: Super Forte C = 93, Mephisto Polgar = 85 | Ein aus Sicht der beiden Oldies völlig ausgeglichener Kampf. Eigentlich lebt die Partie nur vom Endspiel, wo sich Tragödien am Laufmeter abwechseln, denn beide Programme sind in dieser Partiephase völlig überfordert. Das Remis am Ende ist fair, denn niemand hätte hier den Sieg verdient.} 2. Nf3 d6 3. d4 cxd4 4. Nxd4 Nf6 5. Nc3 a6 6. Be2 e5 7. Nb3 Be7 8. O-O {***ENDE BUCH***} Be6 {***ENDE BUCH***} 9. f4 O-O 10. Be3 (10. Kh1 {ist hier der "Normalzug".} exf4 11. Bxf4 $11) 10... exf4 11. Rxf4 (11. Bxf4 Nc6 12. Kh1 Rc8 13. Qe1 Nd7 14. Rd1 Nde5 $11 {½-½ (57) Lin,C (2489)-Xu,X (2569) Liaocheng 2021}) 11... Nc6 12. Nd5 Bxd5 {Diesen Riesenspringer lässt man nicht germe am Leben.} (12... Ne5 {Gegen diese Fortsetzungen gibt es auch keine Einwände.}) 13. exd5 Ne5 14. c4 Re8 {Für diesen Turmzug, üblich sind 14...Sfd7 oder 14...Tc8, habe ich kein Beispiel gefunden. Desto interessanter, dass Stockfish 16.1 & Co. den Textzug als am stärksten einstufen.} 15. Rc1 Bf8 16. Qd4 (16. Bf2 {mit der Idee, den Läufer nach h4 zu bringen, macht einen besseren Eindruck.}) 16... Ng6 17. Rf2 Ne4 18. Rf5 {Direkt auf die Grundlinie zurück, war die beste Fortsetzung.} Qe7 19. Rf3 Nh4 20. Rff1 Ng3 {Einleitung zu einer verständlichen Abwicklung, auch wenn den Engines 20...Sc5 oder 20...g6 besser gefallen.} 21. hxg3 Qxe3+ 22. Qxe3 Rxe3 $11 23. Bh5 Ng6 24. Rf3 (24. Bxg6 $1 hxg6 25. Kf2 Re5 26. Na5 b5 $11 {ist auch ausgeglichen, aber einfacher zu spielen.}) 24... Rae8 $6 {Danach übernimmt Weiss die Führung der Partie.} (24... Rxf3 25. gxf3 Ne5 26. Rc3 $11) 25. Rxe3 Rxe3 26. Kf2 {[#]} Re8 $2 {[%mdl 2] Der Turm sollte nach e5 gehen, denn der Textzug muss im höheren Sinne bereits als Verlustzug bezeichnet werden.} 27. Bxg6 $1 {Positionell stark: beseitigt den lästigen Springer, der auf e5 einen top Standort gefunden hätte. Hernach erweist sich der weisse Springer dem gegnerischen Läufer klar überlegen. Wobei die feine Verwertung des weissen Vorteils für unsere Oldies und normal sterbliche Schachspieler natürlich fast ein Ding der Unmöglichkeit darstellt.} hxg6 28. Nd4 (28. Na5 Be7 29. b4 Rc8 (29... Rb8 $2 30. c5 $18) 30. Kf3 {wäre die Einleitung zu einem langwierigen Gewinn.}) {[#]} 28... f5 $2 {[%mdl 2] Dieser freiwillig das Feld e6 schwächende Vorstoss gibt dem Gegner wieder exzellente Gewinnchancen.} 29. b3 $6 {[%mdl 32768] Anstelle dieses zahmen Vorstosses war 29.b4 für Schwarz äusserst kritisch.} Re4 $2 {[%mdl 32768] Verpasst ...Le7 nebst ...Lf6 mit nur noch leichtem Vorteil für Weiss, was sich nach dem ungünstigen Turmzug ändert.} 30. Ne6 Be7 31. Rd1 $2 {[%mdl 32768]} ({Mit} 31. Re1 $1 Rxe1 32. Kxe1 Kf7 33. Kd2 a5 34. g4 $1 fxg4 35. Ke3 $18 {beschreitet Weiss den Gewinnweg.}) 31... g5 $1 $11 32. Re1 {Jetzt bringt dieser Turmtausch nichts mehr ein.} Rxe1 33. Kxe1 g4 $1 {Nachdem der schwarze Läufer die dunklen Felder beherrscht und somit gewaltig an Aktivität gewonnen hat, ist das Endspiel für Weiss nicht mehr zu gewinnen.} 34. Kd2 Kf7 35. Kd3 Kf6 36. b4 Kf7 $6 {Das gibt dem Anziehenden wieder Auftrieb. Genügend für den Ausgleich sind:} (36... b6 $11 {und die weisse Initiative am Damenflügel ist gestoppt.}) (36... g5 $11 {erlaubt im richtigen Moment die Bildung eines Freibauern mit f5-f4.}) 37. c5 {[#]} dxc5 $2 {[%mdl 2] Der Super Forte C stolpert zum dritten Mal in eine verlorene Stellung.} 38. bxc5 g6 39. a3 Ke8 40. Kc4 Kd7 41. a4 g5 42. a5 $2 {[%mdl 32768] Ein falscher Entscheid, der die gewonnene Stellung in eine ausgeglichene Position verwandelt.} (42. Kd3 $1 {gewinnt z.B. wie folgt:} Ke8 (42... Bf6 43. Nd4 f4 44. Ne6 fxg3 45. Ke4 Be7 46. Ke5 $18) 43. d6 Bf6 44. Kc4 Be5 (44... Kd7 45. Kd5 $18) 45. Kd5 Ba1 (45... Bxg3 46. c6 bxc6+ 47. Kxc6 Bxd6 48. Kxd6 $18) 46. Nxg5 Bf6 47. Ne6 Bc3 48. Nd4 Kf7 49. Nxf5 Ba5 50. Nh6+ Kg7 51. Nxg4 $18) 42... Bf6 43. Kd3 Be7 44. Kd4 Bf6+ 45. Kc4 Be5 46. Nxg5 Bxg3 {Jetzt wird das Remis offensichtlich und der Springer ist dem Läufer gar nicht mehr überlegen, im Gegenteil.} 47. Kd3 Ke7 48. Ne6 Be5 49. Nd4 Kf6 50. Kc4 Bc7 51. Kb4 Be5 {[#]} 52. Nb3 $2 $19 {[%mdl 32770] Für einmal ist es der Mephisto Polgar, der in diesem für die beiden Oldies offenbar zu schwierigen Endspiel in eine verlorene Stellung gerät.} Ke7 $2 $11 {[%mdl 32768] Schwarz lässt die ihm gebotene Chance aus.} (52... f4 $1 53. Nd2 f3 $1 54. g3 Kf5 55. Nf1 Ke4 56. Kc4 f2 57. d6 Kf3 58. d7 Bc7 59. Kd5 Bxa5 60. Ke6 Kg2 61. Ne3+ Kxg3 $19) 53. Kc4 Kd7 54. Kd3 Ke7 55. Ke3 Bg3 56. Nd4 Kf6 57. d6 (57. c6 bxc6 58. dxc6 $11 {ist ebenfalls Remis}) 57... Be1 58. Nb3 Ke6 59. Kd3 {[%mdl 32770] Und erneut stolpert Weiss in eine verlorene Stellung ... und wird dafür nicht bestraft.} Bf2 $2 $11 {Einfach 59...f4 gewinnt.} (59... f4 60. Ke2 Bb4 61. Kf1 Bc3 62. Kf2 Bf6 63. Ke2 Kd5 64. Kf2 Kc4 65. Nc1 Kxc5 $19) 60. Ke2 Bg1 {[#]} 61. Ke1 $2 $19 {[%mdl 32770] Das bekannte Spiel wiederholt sich, indem Weiss verlieren statt Remis machen sollte.} (61. Kd3 Kd7 62. Ke2 Kc6 63. Kd3 f4 64. Ke2 $11) 61... Be3 {Vorerst der richtige Gewinnzug} 62. Kd1 Bf2 $2 $11 {Vermasselt den Gewinn durch 62...Kd5 usw.} 63. Kd2 $2 $19 {[%mdl 32770] Das sollte wieder zum Verlust führen.} (63. Ke2 Bh4 (63... Bg1 64. Kd3 $11) 64. Nd4+ Ke5 65. g3 $1 Bxg3 66. d7 Bh4 67. c6 bxc6 68. Nxc6+ Kd6 69. d8=Q+ Bxd8 70. Nxd8 f4 71. Nb7+ Kd5 72. Kf2 $11) 63... Kd7 (63... f4 {ist im Gewinnsinne noch stärker}) 64. Ke2 $19 g3 $2 $11 {Verpasst einmal mehr den Gewinn.} (64... Bh4 $1 $19) 65. Kd3 Bg1 66. Kd2 f4 67. Ke2 Be3 68. Kf3 Kc6 69. Ke4 Kd7 70. Kf3 Ke6 71. Kg4 Kd7 72. Kf3 {***3x REMIS***} 1/2-1/2

[Event "Match 77__120'/40"]
[Site "Zürich"]
[Date "2024.??.??"]
[Round "9"]
[White "Super Forte C 6 MHz sel. 4"]
[Black "Mephisto Polgar sel. 5"]
[Result "1-0"]
[WhiteElo "2009"]
[BlackElo "1981"]
[Annotator "Utzinger,K"]
[PlyCount "72"]
[EventDate "2024.??.??"]
[SourceVersionDate "2024.04.21"]

{[%evp 0,72,23,23,26,3,36,29,36,35,36,36,43,31,34,25,21,20,25,-2,-9,11,4,-1,-14,-10,-2,0,24,-7,-13,-35,5,-3,5,5,16,16,42,28,36,34,35,-2,46,0,56,41,41,31,41,31,9,19,46,48,386,399,386,389,452,473,495,577,860,939,2055,2286,2473,2857,29975,29976,29977,29978,29989]} 1. d4 d5 {Match 120'/40 | Bediener: Rolf Bühler | 9. Partie: Weiss (SFC) gewinnt | Zwischenstand: 5,0-4,0 (55,5%) für den Super Forte C; hypothetisch: 6,0-3,0 (66%) für Super Forte C | Eröffnung: Abgelehntes Damengambit, Halbslawisch, Meraner System | Buchzüge total: Super Forte C = 106 Mephisto Polgar = 97 | Nach ausgeglichener Eröffnung folgt ein ruhiges Mittelspiel, wobei vor allem das planlose Vorgehen des Mephisto Polgar auffällt mit sich wiederholenden Zügen, die dann wieder zurückgenommen werden (21...Tf8-e8 / 22...Te8-f8 / 24...Tf8-e8 / 26...Te8-f8 / 29...Tf8-e8). Nach dem taktischen Fehler 27...S5b6? erlangt der Super Forte C eine gewonnene Stellung, die er dann rasch und gnadenlos zum Sieg führt.} 2. c4 c6 3. Nc3 Nf6 4. e3 e6 5. Nf3 Nbd7 6. Bd3 dxc4 7. Bxc4 b5 8. Bd3 Bb7 9. e4 b4 10. Na4 c5 11. e5 Nd5 12. Nxc5 Bxc5 {***ENDE BUCH***} 13. dxc5 {***ENDE BUCH***} Qa5 $11 {Das Spiel ist ausgeglichen.} 14. Be2 {Ein seltsamer Rückzug. Natürlich ist die kurze Rochade mit Entwicklung besser.} O-O 15. Bd2 Rac8 ({Mit} 15... Nxc5 {sichert sich Schwarz minimalen Vorteil.} 16. O-O h6) 16. O-O Qxc5 17. a3 bxa3 (17... a5 {ist eine Spur genauer} 18. axb4 axb4 $11) 18. Rxa3 Qb6 19. Ba5 Qc5 20. Re1 h6 21. Bf1 {Stockfish 16.1 zeigt für die Antwort 21...Sb8, mit der Idee nach c6 zu hüpfen und den Läufer zu vertreiben, folgende Bewertung an: =0.20(51%)/38} Rfe8 {Der Sinn dieses Zuges muss hinterfragt werden. Jedenfalls taucht dieser Turmzug bei Stockfish 16.1 unter den drei besten Zügen nicht auf.} (21... Nb8 {=0.20(51%)/38}) (21... N7b6 {0.64(59%)/38}) (21... Qc2 {0.79(65%)/38}) 22. Qd2 $6 {Und hier attestiert Stockfish 16.1 dem Anziehenden für 22.Sd2! einen Erwartungswert von 88%.} Rf8 {Planlos geht der Turm wieder zurück, wo er einen Zug früher herkam.} 23. Nd4 $16 {Der Springer wird stark im Zentrum postiert und ...Dc2 verhindert. Die weisse Stellung ist nun bereits spürbar besser.} a6 $2 {Verlustzug, aber auch die nach Stockfish 16.1 stärkste Fortsetzung mit 23...Sb8 wird mit einer gewinnbringenden Bewertung von 2.47 für Weiss versehen.} ({Stockfish 16.1:} 23... Nb8 24. b4 Qe7 25. Rg3 Kh8 26. b5 Nd7 27. Bd3 Rfe8 28. h3 Rg8 29. Bb1 Nf8 30. f4 Rc4 31. Ba2 Ra4 32. Bb3 Rxa5 33. Bxd5 Bxd5 34. Qxa5 Ng6 35. Qa3 Qc7 36. f5 exf5 37. Nxf5 Qb6+ 38. Qe3 Qxb5 39. Kh2 Qc6 40. Rc1 Qe6 41. Nxh6 Rb8 42. Ng4 Qe7 43. Rc5 Be6 44. Nf2 Rb3 45. Qd4 Rxg3 46. Kxg3 Qg5+ 47. Kh2 Kg8 48. Nh1 Nh4 49. Qf2 Nf5 50. Ng3 Ne3 51. Qf3 Ng4+ 52. hxg4 {[%eval 247,51] [%wdl 999,1,0]}) 24. Raa1 $6 {Auch Weiss spielt planlos, denn Ta1-c1 ist keine echte Drohung. Indessen stünde Schwarz nach 24.Tg2 schon äusserst kritisch.} Rfe8 $6 {Unverändert planlos, indem Schwarz seinen 22. Zug wieder zurücknimmt.} 25. Rad1 $6 {Damit ist kein Blumentopf zu gewinnen. Es mutet wie Hohn an, dass 25.Ta3 die beste Fortsetzung wäre, den Turm also wieder auf das Feld stellen, wo er gerade hergekommen ist.} Qa7 26. Bd3 Rf8 $2 {Der uns bereits bestens bekannte Verlegenheitszug. Hier ist der Textzug vor allem auch deshalb sinnlos, weil Schwarz nach der weissen Antwort wieder Tf8-e8 ziehen müsste.} 27. Bb1 {Die damit verbundene Drohung ist doch offensichtlich, oder?[#]} N5b6 $2 {[%mdl 2] Ein schwer verständlicher taktischer Fehler, der die Partie verliert.} (27... Rfe8 {war eigentlich erzwungen, um die Mattdrohung} 28. Qd3 {mit} Nf8 {parieren zu können.}) 28. Qd3 {Diese Antwort mit Mattdrohung lag doch wirklich auf der Hand.} g6 {Das ist erzwungen.} 29. Nxe6 $1 {Der Fluch der bösen Tat von Te8-f8 und Sd5-b6. Der Springer darf wegen Matt nicht geschlagen werden.} Rfe8 (29... fxe6 30. Qxg6+ Kh8 31. Qh7#) 30. Ba2 {Gut gespielt, denn es gibt für Schwarz keine genügende Verteidigung mehr.} Bc6 {Nun stehen Weiss bereits diverse Gewinnwege zur Verfügung.} 31. Ng5 (31. Nd8 Bd5 32. Nxf7 Nf8 33. Bxb6 Qxf7 34. Bxd5 Ne6 35. Qxa6 $18) (31. Nc7 Bd5 32. Bxd5 Nxd5 33. Nxe8 Rxe8 $18) (31. Nf8 Kxf8 32. e6 $18) 31... Kh8 32. Nxf7+ Kh7 33. Qd2 {Mit Mattangriff} g5 34. Qd6 $1 Bd5 35. Qxh6+ Kg8 36. Rxd5 Nxd5 {***AUFGEGEBEN***} 1-0

[Event "Match 77__120'/40"]
[Site "Zürich"]
[Date "2024.??.??"]
[Round "10"]
[White "Mephisto Polgar sel. 5"]
[Black "Super Forte C 6 MHz sel. 4"]
[Result "1-0"]
[WhiteElo "1981"]
[BlackElo "2009"]
[Annotator "Utzinger,K"]
[PlyCount "205"]
[EventDate "2024.??.??"]
[SourceVersionDate "2024.04.21"]

{[%evp 0,205,19,31,14,-14,0,-8,20,27,33,38,36,24,22,12,38,33,23,5,28,16,25,29,16,-26,12,29,26,30,17,-2,5,10,36,34,30,32,43,77,74,62,60,60,58,58,77,62,87,57,54,36,19,19,44,51,53,47,45,36,36,9,4,16,0,5,25,24,37,35,102,35,66,30,82,67,101,70,79,66,66,66,80,84,85,103,118,25,35,20,22,-2,15,14,35,24,0,0,0,0,0,0,0,2,9,19,88,39,112,39,31,49,53,50,56,54,62,51,60,78,94,58,109,128,142,139,138,124,146,144,144,144,104,105,105,116,116,116,116,102,77,49,278,321,335,335,335,335,335,182,221,229,246,279,273,279,279,279,279,266,349,357,485,495,495,505,505,497,507,507,507,507,507,507,517,547,557,557,557,567,577,577,577,29976,29979,29984,29985,29984,29985,29986,29987,29986,29989,29988,29989,29990,29991,29992,29993,29992,29993,29994,29995,29996,29997,29998,29999,29999]} 1. d4 Nf6 {Match 120'/40 | Bediener: Rolf Bühler | 10. Partie: Weiss (Polgar) gewinnt | Zwischenstand: 5,0-5,0 (50%) Ausgleich; hypothetisch: 6,0-4,0 (60%) für Super Forte C | Eröffnung: Nimzoindisch, Rubinstein System | Buchzüge total: Super Forte C = 117 Mephisto Polgar = 108 | Einmal mehr wird eine Partie in einem für unsere Oldies zu schwierigen Turmendspiel entschieden. Dabei kann der Super Forte C seine zahlreichen Chancen für ein Remis nicht nutzen. Umgekehrt braucht der Mephisto Polgar einige Anläufe und Umwege, um schliesslich den Sieg doch noch einzufahren.} 2. c4 e6 3. Nc3 Bb4 4. e3 O-O 5. Bd3 d5 6. Nf3 c5 7. O-O dxc4 8. Bxc4 Nbd7 9. Qe2 b6 10. Rd1 cxd4 11. exd4 {***ENDE BUCH***} Bb7 {***ENDE BUCH***} 12. Ne5 {Üblicher sind 12.d5 und 12.Ld2 in dieser Variante. Mit dem Textzug lässt sich kein Eröffnungsvorteil erzielen.} Nd5 {Kein Fehler, aber ein starker Spieler müsste gesucht werden, der diesen Zug ausführen würde.} 13. Nxd5 exd5 {Man schaue sich nun den lahmen Lb7 an.} 14. Bd3 Nxe5 15. Qxe5 {Nichts sprach auch gegen das Schlagen mit dem Bauern.} Re8 16. Qg3 $11 Qf6 $6 {Erlaubt dem gegnerischen Läufer, sich gut auf f4 zu platzieren. Deshalb hätte 16...Ld6 den Vorzug verdient.} 17. Bf4 $16 Rac8 18. Be5 Qh6 19. a3 Be7 20. Bf5 {Nur schon optisch ist der weisse Vorteil ersichtlich.} Ra8 21. Rac1 Bc8 {Es ist begreiflich, dass Schwarz dem Gegner diese Diagonale streitig machen will.} 22. Bd3 Bg5 23. Rc7 Bd8 24. Rc6 $6 {Zielführender mit noch immer Vorteil ist 24.Tc3 Lf6 25.h3 Le6 26.La6 usw.} (24. Rc3 {war zielführender mit noch immer weissem Vorteil.} Bf6 25. h3 $16) 24... Qg5 25. Rd6 Qxg3 26. hxg3 Bb7 {Besser geschah ...Le7 oder ...Le6.} 27. Bb5 Re7 28. Rd7 {Hier war 28.Tc1 der logische Zug.} a6 29. Rxe7 Bxe7 30. Bd3 Rc8 $11 {Schwarz hat dank der weissen Ungenauigkeiten den Ausgleich erzielt.} 31. Re1 g6 32. g4 a5 33. f3 f6 34. Bf4 {[#]} Bd8 $2 $18 {[%mdl 2] Für die Engines ist das so schlecht, dass sie Weis nun bereits eine Gewinnstellung attestieren.} (34... Kf7 {verdient natürlich klar den Vorzug gegenüber dem passiven Läuferzug.}) 35. Kf2 $2 $14 {Vergibt die erste Gewinnchance.} ({Light 24-avx2:} 35. Bb5 Kf7 36. Be8+ Kg7 37. Bd7 Rc4 38. Bb5 Kf7 39. Bxc4 dxc4 40. Kf2 Bd5 41. Rh1 Kg8 42. a4 Bc6 43. Rc1 Bd5 44. Ke3 Kf7 45. Rh1 Kg7 46. Kd2 Be6 47. Rd1 Bd5 48. Re1 Kf7 49. Rh1 Kg7 50. Bd6 Be6 51. Re1 Kf7 52. Kc3 Bd5 53. Ba3 g5 54. Bd6 Be6 55. Rh1 Kg8 56. Kd2 Bd7 57. Rc1 Be6 58. Bg3 Be7 59. Ke3 {[%eval 373,39] [%wdl 1000,0,0]}) 35... Kg7 {Immer wieder scheuen sich unsere Oldies, ihre Könige im Endspiel rechtzeitig zu zentralisieren, so auch hier, wobei 35...Kf7 natürlich die bessere Wahl gewesen wäre.} 36. g3 {Der Sinn dieses Vorstosses muss im Dunkeln bleiben. Eine zweckmässige Option war 36.Ke3 gefolgt von Kd2, weil eben der König im Zentrum aktiver steht.} h6 37. Bd2 Rc7 $6 {Das gibt dem Weissen wieder Auftrieb. Durch 37...g5 oder 37...Lc6 konnte Schwarz gut mithalten.} (37... g5 38. Bf5 Rc6 39. b4 (39. Re8 Rd6 $11) 39... Bc8 40. Bd3 Kf7 $11) (37... Bc6 38. Ba6 Rc7 39. Bf4 Ra7 40. Bc8 Bd7 41. Bb8 Ra8 42. Bxd7 Rxb8 43. Re8 Kf7 $11) 38. b4 $6 {So geht der weisse Vorteil völlig in die Binsen.} (38. Re8 Rc8 (38... Be7 39. Bf4 $18) 39. Bb5 Kf7 40. Bf4 $16 {und Schwarz hat ein schweres Leben.}) 38... axb4 (38... Re7 $11 {ist genauer, denn} 39. Rc1 {bringt nichts ein, weil alle schwarzen Einbruchsfelder für den weissen Turm gedeckt sind.}) 39. axb4 Re7 40. Rh1 g5 41. b5 Bc8 42. Ra1 Rc7 $16 {Weiss hat mehr Bewegungsfreiheit und dadurch das bessere Spiel.} 43. Bf5 $2 {Auf einen Schlag macht Weiss jeglichen Vorteil kaputt.} Bxf5 44. gxf5 h5 $11 45. Ra6 Rc4 46. Ra7+ Bc7 47. Bb4 Rxb4 48. Rxc7+ Kg8 {[#] Ein ausgeglichenes Turmendspiel steht auf dem Brett.} 49. Rc6 Rb2+ 50. Kf1 Rb1+ 51. Kg2 Rxb5 52. Rxf6 Rb2+ 53. Kh3 Rb1 54. Rg6+ Kf7 55. Rxg5 Kf6 56. Rg6+ Kxf5 57. Rd6 {Erobert den d5-Bauer, aber Schwarz erhält genügend Kompensation in Form seines freien b-Bauern.} b5 58. Rxd5+ Kg6 59. f4 b4 60. Rg5+ Kf6 61. Kg2 (61. Rxh5 $4 {wäre ein schrecklicher Fehler wegen} Rh1+ 62. Kg4 Rxh5 63. Kxh5 b3 $19 {und der Bauer läuft durch.}) 61... h4 $1 {Überraschend stark gespielt: Dem weissen König wird die Deckung durch seinen Bauern von Seitenschachs des schwarzen Turms entzogen.} 62. gxh4 Rd1 $11 {Man sieht man wieder einmal, dass aktive Figuren, wie hier der schwarze Turm, unterstützt durch einen Freibauern, zwei Minusbauern aufwiegen können. Allerdings verlieren unsere Oldies solche Stellungen fast regelmässig, weil sie die dafür notwendige Endspieltechnik nicht beherrschen.} 63. Rd5 {Alternativen gewinnen ebenso wenig.} ({A)} 63. h5 Rxd4 64. Kg3 b3 65. h6 Rd8 66. Rb5 Rd1 67. Rb6+ (67. Rxb3 Kg6 68. Rb6+ Kf5 $11) 67... Kf5 68. h7 Rh1 69. Rb7 Kf6 70. Rxb3 Rxh7 $11) ({B)} 63. Rb5 b3 64. Kf3 b2 65. Rxb2 Rxd4 66. Kg4 Rd6 $11) ({C)} 63. Kf3 b3 64. Rb5 b2 65. Rxb2 Rxd4 66. Kg4 Rd6 $11) 63... Ke6 64. Rb5 Rxd4 65. Kf3 Kd6 66. h5 {[#]} Kc6 $2 {[%mdl 2] Und schon ist es passiert. Der weisse König bewegt sich zu weit ab von den weissen Bauern. Deshalb sollte Schwarz nun verlieren.} (66... Ke6 $1 67. h6 Kf7 $11 {ist Remis}) 67. Rb8 Kc7 68. Re8 b3 69. Re2 $2 {Vergibt den möglichen Gewinn, was der Mephisto Polgar unmöglich erkennen kann.} (69. h6 $1 b2 70. Re1 Rd6 71. h7 Rh6 72. Rb1 Rxh7 73. Rxb2 Kd8 74. Kg4 Re7 75. Rb8+ Kc7 76. Rb4 $1 Kd8 77. Kg5 Re1 78. Kf6 Ke8 79. f5 Rf1 80. Rb8+ Kd7 81. Rf8 $1 Rf2 82. Kg7 Rg2+ 83. Kf7 Rh2 84. f6 Rh7+ 85. Kg8 Rh1 86. Ra8 Rg1+ 87. Kf8 Rh1 88. Ra4 Rh8+ 89. Kg7 Rh1 90. Rg4 $18) 69... Rd6 70. Rb2 $11 Rd3+ $2 {[%mdl 2] Verliert, während ...Kd6 oder ...Kd7 bzw. ...Tb6 zum Remis führen.} 71. Kg4 $1 $18 Kc6 72. h6 {Auch 72.f5 gewinnt.} Rd6 73. Kh5 Rd3 74. h7 Rh3+ 75. Kg6 Rg3+ 76. Kf7 Rh3 77. Kg8 Rg3+ 78. Kf8 Rh3 79. f5 Rxh7 80. Rxb3 {Nun hat Weiss eine theoretische Gewinnstellung im Turmendspiel mit nur einem Mehrbauern erreicht.} Rh1 81. f6 Rf1 82. f7 Rg1 {[#]} 83. Rb2 $6 {Bis 82.f7 hat Weiss bestens agiert. Nun kommt etwas Sand ins Getriebe und der Mephisto Polgar benötigt einige Umwege, um den Punkt ins Trockene zu bringen. Dabei ist der Gewinnweg kinderleicht, indem Weiss seinen Turm auf die g-Linie nach g7 bringen muss und aus die Maus, weil sich die Umwandlung des Bauern nicht mehr verhindern lässt.} (83. Rh3 Kd7 84. Rh7 Rg2 85. Rg7 Rf2 86. Kg8 $18) 83... Kd6 84. Rf2 (84. Rh2 $1) 84... Kd7 85. Ra2 $6 (85. Rh2 $1) 85... Rg4 86. Rd2+ $6 (86. Rh2 $1) 86... Kc7 87. Ke7 $6 (87. Rh2 $1) (87. Rd5 $1 {mit nachfolgendem Brückenbau}) 87... Re4+ 88. Kf6 Rf4+ 89. Ke6 $6 (89. Kg6 $1 Kc6 (89... Rg4+ 90. Kf5) 90. Rd8 $18) 89... Kc6 90. Rd6+ $6 (90. Rd8 $1) 90... Kc7 91. Rd5 $1 {Endlich der beste Zug, der den "Brückenbau" mit Tf5 vorbereitet.} Rxf7 92. Kxf7 Kb6 93. Ke6 {Dass ein Oldie nun den schnellsten Gewinnweg findet, darf nicht erwartet werden.} (93. Ke7 Kc6 94. Rg5 Kc7 95. Rg6 Kc8 96. Kd6 Kb8 97. Kc6 Ka8 98. Kb6 Kb8 99. Rg8#) 93... Kc6 94. Rf5 Kc7 95. Kd5 Kb7 96. Kc5 Kc7 97. Rd5 Kb7 98. Rd7+ Kc8 99. Kd6 Kb8 100. Rc7 Ka8 101. Kc5 Kb8 102. Kb6 Ka8 103. Rc8# 1-0